书目信息 |
| 题名: |
龙文化与民族精神
|
|
| 作者: | 鲁谆 , 王才 , 冯广裕 主编 | |
| 分册: | ||
| 出版信息: | 上海 上海人民出版社 2000 |
|
| 页数: | 289页 | |
| 开本: | 32开 | |
| 丛书名: | ||
| 单 册: | ||
| 中图分类: | G122-53 | |
| 科图分类: | ||
| 主题词: | 图腾--文化--专题研究--中国 | |
| 电子资源: | ||
| ISBN: | 7-208-03383-8 | |
| 000 | 00653nam0 2200217 45 | |
| 001 | 0109240837 | |
| 005 | 20031219104057.7 | |
| 010 | @a7-208-03383-8@dCNY20.00 | |
| 100 | @a20010924d2000 km y0chiy0120 ea | |
| 101 | 0 | @achi |
| 105 | @a z 000yy | |
| 200 | 1 | @a龙文化与民族精神@ALong Wen Hua Yu Min Zu Jing Shen@f鲁谆,王才,冯广裕主编@FLu Zhun,Wang Cai,Feng Guang Yu Zhu Bian |
| 210 | @a上海@c上海人民出版社@d2000 | |
| 215 | @a289页@d32开 | |
| 606 | 0 | @a图腾@x文化@x专题研究@y中国 |
| 690 | @aG122-53@v4 | |
| 701 | @a鲁谆@4主编 | |
| 701 | 0 | @a王才@4主编 |
| 701 | 0 | @a冯广裕@4主编 |
| 801 | @aCN@bTSTC@c20010924 | |
| 905 | @b314675-676@dG122-53@f2@e54 | |
| 龙文化与民族精神/鲁谆,王才,冯广裕主编.-上海:上海人民出版社,2000 |
| 289页;32开 |
| ISBN 7-208-03383-8:CNY20.00 |
| ● |
| 相关链接 |
|
|
|
|
正题名:龙文化与民族精神
索取号:G122-53/54
 
预约/预借
| 序号 | 登录号 | 条形码 | 馆藏地/架位号 | 状态 | 备注 |
| 1 | 0314675 | 203146755 | 第四借阅区/ [索取号:G122-53/54] | 在馆 | |
| 2 | 0314676 | 203146764 | 第一样本阅览室/ [索取号:G122-53/54] | 在馆 |